000 00434nam a2200169Ia 4500
003 GCL
008 140319s9999 xx 000 0 eng d
040 _aGCL /
_cGCL
082 0 4 _a657
_bG A
100 1 _aGLAUTIER,M.W.E.
245 1 0 _aACCOUNTING THEORY AND PRACTICE /
_cGLAUTIER,M.W.E.
700 1 _aUNDERDWN, B
260 _a[S.N] :
_bPITMAN PUBLISHING ،
_c1994
650 0 4 _aBUSINESS
650 0 4 _aACCOUNTING
942 _2ddc
_cBK
999 _c14153
_d14153